| 000 -NÁVESTIE |
| fixed length control field |
01957cam a2200529 a 4500 |
| 001 - EVIDENČNÉ ČÍSLO ZÁZNAMU - Kontrolné číslo |
| control field |
vtls010525613 |
| 005 - DÁTUM A ČAS POSLEDNEJ TRANSAKCIE |
| control field |
20200129125535.0 |
| 008 - ÚDAJE S PEVNOU DĹŽKOU – VŠEOBECNÉ INFORMÁCIE |
| fixed length control field |
160610s2013 xo g 001 0 slo |
| 020 ## - MEDZINÁRODNÉ ŠTANDARDNÉ ČÍSLO KNIHY (ISBN) |
| Medzinárodné štandardné číslo knihy (ISBN) |
9788081560040 (brož.) |
| 035 ## - Iný štandardný identifikátor |
| Iný štandardný identifikátor |
43BCF432-C14C-4504-9C0F-7EB57B17794B |
| 035 ## - Iný štandardný identifikátor |
| Iný štandardný identifikátor |
urn:nbn:sk:snk-amldrh |
| 035 ## - Iný štandardný identifikátor |
| Iný štandardný identifikátor |
urn:nbn:sk:snk-am008zt7 |
| 040 ## - ZDROJ KATALOGIZÁCIE |
| Pôvodná katalogizujúca agentúra |
SVKBB |
| Jazyk katalogizácie |
slo |
| Prepisujúca agentúra |
SVKBB |
| Modifikujúca agentúra |
SNK |
| Konvencie popisu |
AACR2 |
| 041 1# - KÓD JAZYKA |
| Kód jazyka textu/zvukovej stopy alebo samostatných nápisov |
slo |
| Kód jazyka originálu a/alebo sprostredkujúcich prekladov textu |
eng |
| 044 ## - KÓD KRAJINY VYDAVATEĽA/PRODUCENTA |
| Kód krajiny MARC |
xo |
| Kód krajiny ISO |
SK |
| 072 #7 - KÓD PREDMETOVEJ KATEGÓRIE |
| Kód predmetovej kategórie |
159.92 |
| Pododdiel kódu predmetovej kategórie |
Vývinová psychológia. Psychológia osobnosti |
| Zdroj |
konspekt |
| 072 #7 - KÓD PREDMETOVEJ KATEGÓRIE |
| Kód predmetovej kategórie |
37 |
| Pododdiel kódu predmetovej kategórie |
Výchova a vzdelávanie |
| Zdroj |
konspekt |
| 080 ## - ČÍSLO MEDZINÁRODNÉHO DESATINNÉHO TRIEDENIA (MDT) |
| Číslo Medzinárodného desatinného triedenia (MDT) |
316.346.32-053.67 |
| Identifikátor vydania |
2001 |
| 080 ## - ČÍSLO MEDZINÁRODNÉHO DESATINNÉHO TRIEDENIA (MDT) |
| Číslo Medzinárodného desatinného triedenia (MDT) |
159.922.8 |
| Identifikátor vydania |
2001 |
| 080 ## - ČÍSLO MEDZINÁRODNÉHO DESATINNÉHO TRIEDENIA (MDT) |
| Číslo Medzinárodného desatinného triedenia (MDT) |
173.5/.7 |
| Identifikátor vydania |
2001 |
| 080 ## - ČÍSLO MEDZINÁRODNÉHO DESATINNÉHO TRIEDENIA (MDT) |
| Číslo Medzinárodného desatinného triedenia (MDT) |
316.356.2 |
| Identifikátor vydania |
2001 |
| 080 ## - ČÍSLO MEDZINÁRODNÉHO DESATINNÉHO TRIEDENIA (MDT) |
| Číslo Medzinárodného desatinného triedenia (MDT) |
(0.062) |
| Identifikátor vydania |
2001 |
| 080 ## - ČÍSLO MEDZINÁRODNÉHO DESATINNÉHO TRIEDENIA (MDT) |
| Číslo Medzinárodného desatinného triedenia (MDT) |
37.03-053.2 |
| Identifikátor vydania |
2001 |
| 100 1# - OSOBNÉ MENÁ – VŠEOBECNÉ INFORMÁCIE |
| Osobné meno |
Leman, Kevin, |
| Dátumy súvisiace s menom |
1943- |
| -- |
1596 |
| 240 10 - UNIFIKOVANÝ NÁZOV |
| Unifikovaný názov |
Have a New Teenager by Friday |
| Jazyk diela |
Slovensky |
| 245 10 - NÁZOV |
| Názov |
5 dní - a váš tínedžer bude iný |
| Zvyšok názvu |
od drzého a náladového k zdvorilému a zodpovednému za 5 dní |
| Údaj o zodpovednosti atď. |
Kevin Leman ; [z anglického originálu ... preložila Daniela Koronthály] |
| 246 3# - INÁ FORMA NÁZVU |
| Hlavný názov/skrátený názov |
Päť dní - a váš tínedžer bude iný |
| 250 ## - ÚDAJ O PORADÍ VYDANIA |
| Údaj o poradí vydania |
1. vyd. |
| 260 ## - VYDAVATEĽSKÉ ÚDAJE, DISTRIBÚCIA ATĎ. |
| Miesto publikovania, distribúcie atď. |
Bratislava |
| Názov vydavateľa, distibútora atď. |
Porta libri |
| Dátum publikovania, distribúcie atď. |
2013 |
| 300 ## - FYZICKÝ POPIS |
| Rozsah |
277 s. |
| Rozmery |
21 cm |
| 650 07 - PRIDANÝ VSTUP – PREDMET – TEMATICKÉ HESLO |
| Tematické heslo alebo geografický názov ako vstupný prvok |
adolescenti |
| Zdroj hesla alebo termínu |
SNKPH |
| -- |
1597 |
| 650 07 - PRIDANÝ VSTUP – PREDMET – TEMATICKÉ HESLO |
| Tematické heslo alebo geografický názov ako vstupný prvok |
výchova dieťaťa |
| Zdroj hesla alebo termínu |
SNKPH |
| -- |
1598 |
| 650 07 - PRIDANÝ VSTUP – PREDMET – TEMATICKÉ HESLO |
| Tematické heslo alebo geografický názov ako vstupný prvok |
psychológia adolescentov |
| Zdroj hesla alebo termínu |
SNKPH |
| -- |
1599 |
| 650 07 - PRIDANÝ VSTUP – PREDMET – TEMATICKÉ HESLO |
| Tematické heslo alebo geografický názov ako vstupný prvok |
rodičia a deti |
| Zdroj hesla alebo termínu |
SNKPH |
| -- |
1600 |
| 650 07 - PRIDANÝ VSTUP – PREDMET – TEMATICKÉ HESLO |
| Tematické heslo alebo geografický názov ako vstupný prvok |
rodinné vzťahy |
| Zdroj hesla alebo termínu |
SNKPH |
| -- |
1601 |
| 650 07 - PRIDANÝ VSTUP – PREDMET – TEMATICKÉ HESLO |
| Tematické heslo alebo geografický názov ako vstupný prvok |
Adolescents |
| Zdroj hesla alebo termínu |
SNKPHeng |
| -- |
1602 |
| 650 07 - PRIDANÝ VSTUP – PREDMET – TEMATICKÉ HESLO |
| Tematické heslo alebo geografický názov ako vstupný prvok |
Adolescent psychology |
| Zdroj hesla alebo termínu |
SNKPHeng |
| -- |
1603 |
| 650 07 - PRIDANÝ VSTUP – PREDMET – TEMATICKÉ HESLO |
| Tematické heslo alebo geografický názov ako vstupný prvok |
Parents and children |
| Zdroj hesla alebo termínu |
SNKPHeng |
| -- |
1604 |
| 650 07 - PRIDANÝ VSTUP – PREDMET – TEMATICKÉ HESLO |
| Tematické heslo alebo geografický názov ako vstupný prvok |
Family relations |
| Zdroj hesla alebo termínu |
SNKPHeng |
| -- |
1605 |
| 650 07 - PRIDANÝ VSTUP – PREDMET – TEMATICKÉ HESLO |
| Tematické heslo alebo geografický názov ako vstupný prvok |
Child rearing |
| Zdroj hesla alebo termínu |
SNKPHeng |
| -- |
1606 |
| 655 #7 - INDEXAČNÝ TERMÍN – ŽÁNER/FORMA |
| Údaje o žánri/forme alebo termín, ktorý je prvok fazety |
populárno-náučné publikácie |
| Zdroj termínu |
SNKPH |
| -- |
1486 |
| 655 #7 - INDEXAČNÝ TERMÍN – ŽÁNER/FORMA |
| Údaje o žánri/forme alebo termín, ktorý je prvok fazety |
Popular works |
| Zdroj termínu |
SNKPHeng |
| -- |
1487 |
| 700 1# - PRIDANÝ VSTUP – OSOBNÉ MENO |
| Osobné meno |
Koronthály, Daniela |
| Kód roly |
trl |
| -- |
1607 |
| 958 ## - Formálny deskriptor |
| Formálny deskriptor |
NB |
| 958 ## - Formálny deskriptor |
| Formálny deskriptor |
OP |